000 00306nam a2200109Ia 4500
008 200302s9999 xx 000 0 und d
100 _aDepartment of Environment
245 _aThe CO-Ordination of Underground Services A Case Study
260 _bThe National Building Agency
260 _c1970
300 _a12 P.,
999 _c484
_d484